000 00880nas a2200289 4500
001 BR9901393
003 BR-BrBNA
005 20231205101315.0
007 ta
008 230509b bl.|||p| |||| 00| 00por d
040 _aBR-BrBNA
_bpor
_cBiblioteca Nacional de Agricultura
041 _a(Pt)
072 _aF01
100 1 _aSantos, H.P. dos
100 1 _aAmbrosi, I.
100 1 _aLhamby, J.C.B.
100 1 _aBaier, A.C.
245 1 _aSistemas de producao alternativos de triticale, sob plantio direto, em Passo Fundo, RS
650 _aTriticale
650 _aPlantio Direto
650 _aCondicao Ambiental
650 _aSistema de Producao
650 _aRio Grande do Sul
773 0 _tPesquisa Agropecuaria Brasileira (Brazil)
_xISSN 0100-204X
_g(Feb 1999), v. 34(2) p. 201-208
_wBR9901393
909 _a202311
_bLúcia
_c55
_dLúcia Elande
942 _2AGRIS
_n0
_cANA
999 _c161037
_d161037